000 00955nam a2200229Ia 4500
008 0000002007 sp ad 0000000000spa00
090 _aPSP00 M15a
100 1 _aMancebo, Juan
245 1 0 _aAlmudena Rodríguez
_b: cco, copia de carbón oculta
_c/ Textos de Juan Mancebo y Omar Pascual Castillo
300 _a[68] p.
_c/ 21 cm.
500 _aExposición realizada en la Galería Artificial de Madrid en 2007 \ Incluye datos biográficos y cronología artística \ Donación Carlos Jiménez, 2011
600 0 0 _a RODRIGUEZ, ALMUDENA, 1969/
_xTRABAJOS PICTORICOS \ RODRIGUEZ, ALMUDENA, 1969/
_xTRABAJOS ARTISTICOS
650 1 4 _a PINTURA ESPAÑOLA
650 1 4 _aARTE CONTEMPORANEO ESPAÑOL
650 1 4 _aARTISTAS PLASTICOS ESPAÑOLES
650 1 4 _xCATALOGOS
650 1 4 _aCOLLAGE
650 1 4 _xEXPOSICIONES
650 1 4 _aPINTORES ESPAÑOLES
700 1 _aCastillo, Omar Pascual
999 _c13635
_d13635
260 _aMadrid : Galería Artificial
_c2007